| 000 | 00000nam##2200000za#4500 |
| 001 | 9.695906 |
| 003 | CaOODSP |
| 005 | 20210624234806 |
| 007 | cr ||||||||||| |
| 008 | 150407|2001||||xxc|||||o f|0| 0 eng|d |
| 040 | |aCaOODSP|beng |
| 043 | |an-cn--- |
| 086 | 1 |aSC94-84/2001E-PDF |
| 110 | 1 |aCanada.|bCanadian Centre for Management Development. |
| 245 | 10|aFramework for management development in the federal science & technology community (S&T) / |h[electronic resource]|c[by] William G. Doubleday. |
| 260 | |bCanadian Centre for Management Development |cMay 2001. |
| 300 | |a13p.|borganization chart |
| 500 | |aThe catalogue number (SC94-84/2001) and ISBN (0-662-65863-9) for the bilingual print edition have been incorrectly copied in this electronic publication. |
| 590 | |a12-16-Supp|b2012-04-17 |
| 690 | 07|aProfessional development|2gcpds |
| 690 | 07|aPublic service|2gcpds |
| 690 | 07|aSciences|2gcpds |
| 690 | 07|aTechnology|2gcpds |
| 720 | 1 |aDoubleday, William G. |
| 775 | 08|tCadre de perfectionnement en gestion pour la communauté de la science et technologie (S-T) au gouvernement fédéral / |w(CaOODSP)9.640026 |
| 776 | 0#|tFramework for management development in the federal science & technology community (S&T) / |w(CaOODSP)9.662917 |
| 776 | 0#|tCadre de perfectionnement en gestion pour la communauté de la science et technologie (S-T) au gouvernement fédéral / |w(CaOODSP)9.662918 |
| 856 | 40|ahttp://publications.gc.ca|qPDF|s41 KB|uhttps://publications.gc.ca/collections/Collection/SC94-84-2001E.pdf |